| 000 | 00607nam a2200229 i 4500 | ||
|---|---|---|---|
| 001 | 00000000064945 | ||
| 003 | OSt | ||
| 005 | 20131010104203.0 | ||
| 008 | 020226s1970 esp 001 b spa d | ||
| 040 |
_aBU-BP _cBMC |
||
| 082 | _a920 Velázquez, Diego | ||
| 082 | _a864.56 | ||
| 082 | _2750 Velásquez, Diego | ||
| 100 |
_910 _aOrtega y Gasset, José _d1883-1955 |
||
| 245 | 1 | 0 |
_aVelázquez _cJosé Ortega y Gasset |
| 250 | _a2ª ed | ||
| 260 |
_aMadrid _bEspasa-Calpe _c1970 |
||
| 300 |
_a227 p. _c18 cm |
||
| 490 |
_aAustral _v1322 |
||
| 600 | 1 | 4 |
_9971 _aVelázquez, Diego _d1599-1660 |
| 942 |
_2ddc _cBK |
||
| 999 |
_c730 _d730 |
||